000 01115nam a2200325 a 4500
008
020 _a9781455756179 (hardback)
040 _aNUST
_cNUST
049 _aMAIN
090 _aRJ254
_bFAN
245 0 _aFanaroff and Martin's neonatal-perinatal medicine :
_bdiseases of the fetus and infant/
_c [edited by] Richard J Martin ; Avroy A Fanaroff and Michele C Walsh.
250 _aTenth edition.
300 _axxiv, 998 pages :
_billustrations (some colour) ;
_c29 cm.
336 _atext
_btxt
_2rdacontent
337 _aunmediated
_bn
_2rdamedia
338 _avolume
_bnc
_2rdacarrier
500 _aIncludes index.
504 _aIncludes bibliographical references.
650 _aNewborn infants
_xDiseases.
650 _aFetus
_xDiseases.
650 _aPerinatal care.
650 _aPregnancy complications.
700 _aMartin, Richard J.,
_aeditor.
700 _aFanaroff, Avroy A.,
_aeditor.
700 _aWalsh, Michele C.,
_aeditor.
907 _a.b1040269x
_b08-06-21
_c24-05-21
003
005 20230120204301.0
942 _cBOOKS
_kRJ254
_mFAN
999 _c120430
_d120430